Dutch Words for Jobs - Statistics

General Stats
  • This quiz has been taken 46 times
  • The average score is 14 of 24
Answer Stats
Dutch English % Correct
Bakker Baker
100%
Kok Chef
88%
Dokter Doctor
88%
Soldaat Soldier
85%
Piloot Pilot
82%
Politicus Politician
82%
Bankier Banker
79%
Advocaat Lawyer
79%
Schrijver Writer
79%
Zanger Singer
67%
Boer Farmer
64%
Bloemist Florist
61%
Barman Bartender
55%
Ober Waiter
55%
Brandweerman Firefighter
48%
Visser Fisherman
48%
Politieagent Police officer
48%
Chirurg Surgeon
48%
Slager Butcher
45%
Wetenschapper Scientist
39%
Postbode Mailman
36%
Kapster Hairdresser
30%
Monteur Mechanic
24%
Loodgieter Plumber
15%
No matching quizzes found
Score Distribution
Percent of People with Each Score
Percentile by Number Answered
Your Score History
You have not taken this quiz